000
00241nam a2200097Ia 4500
008
240331s9999 xx 000 0 und d
082
_b
CEN
100
_a
Cenwor, d
245
0
_a
First national convention on women's studies :
_b
women
942
_c
L
999
_c
2836
_d
2836